| 000 | 01565nam a22003017a 4500 | ||
|---|---|---|---|
| 003 | OSt | ||
| 005 | 20230608075901.0 | ||
| 008 | 221006b |||||||| |||| 00| 0 eng d | ||
| 040 | _cBiblioteca Lado V | ||
| 082 |
_a105 _bP919p |
||
| 130 |
_aPraxis _lspa |
||
| 245 |
_aPraxis/ _bDepartamento de Filosofía/ |
||
| 260 |
_aUniversidad Nacional Costa Rica _c2005 _bCosta Rica |
||
| 300 |
_c17x24cm _a178p. |
||
| 366 | _espa | ||
| 490 |
_a57 _v2005 _x1409 3090 |
||
| 505 | _tPresentacion | ||
| 505 |
_tFilosofia _aEstética de la armonía en Platon Técnica y humanismo en Heidegger |
||
| 505 |
_tAntropología, Cultura, Sociolingüística _aLa estructura cultural indígena en Talamanca Migración, aculturamiento y sustitución lingüística entre la comunidad criolla de Costa Rica Espacio y tiempo en las sociedades globales según Manuel Castells |
||
| 505 |
_tHistoria _aRitos escolares y símbolos nacionales en la fiesta de la independencia de C.R. La moral sin religión. El descreimiento en el San Jose de 1904 y un texto de 1906 de Roberto Brenes |
||
| 505 |
_tGenero _aRosa: un caso legitima resistencia a la discriminacion de genero en la Nicaragua del siglo XXI |
||
| 650 |
_2Tesauro de Arte & Arquitectura _aFILOSOFIA _9703 |
||
| 650 |
_2Tesauro de Arte & Arquitectura _aEDUCACION UNIVERSITARIA _9702 |
||
| 650 |
_2Tesauro de Arte & Arquitectura _aGLOBALIZACION _9702 |
||
| 650 |
_2Tesauro de Arte & Arquitectura _aINVESTIGACION |
||
| 700 |
_aNavarreta, Jose Antonio _eeditor |
||
| 942 |
_2ddc _c1 _h105 _iP919p _n0 |
||
| 999 |
_c3813 _d3813 |
||